<?xml version="1.0" encoding="UTF-8"?>
<record
    xmlns:xsi="http://www.w3.org/2001/XMLSchema-instance"
    xsi:schemaLocation="http://www.loc.gov/MARC21/slim http://www.loc.gov/standards/marcxml/schema/MARC21slim.xsd"
    xmlns="http://www.loc.gov/MARC21/slim">

  <leader>06671cam a22003378i 4500</leader>
  <controlfield tag="005">20160416020003.0</controlfield>
  <controlfield tag="008">150217s2015    enk      b    001 0 eng  </controlfield>
  <datafield tag="020" ind1=" " ind2=" ">
    <subfield code="a">9780415704359 (impreso)</subfield>
  </datafield>
  <datafield tag="020" ind1=" " ind2=" ">
    <subfield code="z">9781315887586 (electr&#xF3;nico)</subfield>
  </datafield>
  <datafield tag="040" ind1=" " ind2=" ">
    <subfield code="a">DLC</subfield>
    <subfield code="c">DLC</subfield>
    <subfield code="d">CO-BoIAVH</subfield>
  </datafield>
  <datafield tag="041" ind1="0" ind2=" ">
    <subfield code="a">eng</subfield>
  </datafield>
  <datafield tag="042" ind1=" " ind2=" ">
    <subfield code="a">pcc</subfield>
  </datafield>
  <datafield tag="044" ind1=" " ind2=" ">
    <subfield code="a">enk</subfield>
  </datafield>
  <datafield tag="082" ind1="0" ind2="0">
    <subfield code="a">304.2</subfield>
    <subfield code="b">H24r</subfield>
  </datafield>
  <datafield tag="245" ind1="0" ind2="0">
    <subfield code="a">Routledge handbook of environment and communication /</subfield>
    <subfield code="c">editado por Anders Hansen y Robert Cox.</subfield>
  </datafield>
  <datafield tag="246" ind1="3" ind2="0">
    <subfield code="a">Handbook of environment and communication</subfield>
  </datafield>
  <datafield tag="260" ind1=" " ind2=" ">
    <subfield code="a">Londres (Inglaterra),</subfield>
    <subfield code="a">Nueva York (EE. UU.):</subfield>
    <subfield code="b">Routledge Taylor &amp; Francis Group,</subfield>
    <subfield code="c">2015.</subfield>
  </datafield>
  <datafield tag="300" ind1=" " ind2=" ">
    <subfield code="a">434 p&#xE1;ginas :</subfield>
    <subfield code="b">ilustraciones, gr&#xE1;ficas y tablas ;</subfield>
  </datafield>
  <datafield tag="504" ind1=" " ind2=" ">
    <subfield code="a">Incluye referencias bibliogr&#xE1;ficas  e &#xED;ndice.</subfield>
  </datafield>
  <datafield tag="505" ind1="0" ind2=" ">
    <subfield code="a">Introduction : environment and communication / Anders Hansen, Robert Cox -- Environment, communication and environmental communication : emergence and development of a field / Robert Cox   Stephen DePoe -- Communication, media and the social construction of the environment / Anders Hansen -- Discourse/rhetorical analysis approaches to environment, media and communication / Jennifer Peeples -- Social science approaches to environment, media and communication / James Cantrill -- Environmental scientists and public communication / Sharon Dunwoody -- The media/communication strategies of environmental pressure groups and NGOs / Robert Cox, Steve Schwarze -- Resisting meaningful action on climate change : think tanks, 'merchants of doubt' and the 'corporate capture' of sustainable development / David Miller and William Dinan -- Transnational protests, publics and media participation (in an environmental age) / Libby Lester, Simon Cottle -- Public participation in environmental policy decision-making : insights from twenty years of collaborative learning fieldwork / Gregg Walker, Steven Daniels, Jens Emborg -- To act in concert : environmental communication from a social movement lens / Charlotte Ryan, Kimberly Freeman Brown -- The changing face of environmental journalism in the United States / Sharon Friedman -- Environmental reporters / David B. Sachsman, JoAnn Myer Valenti -- The changing ecology of news and news organisations : implications for environmental news / Curtis Brainard -- News organisation(s) and the production of environmental news / Alison Anderson --Citizen science/citizen journalism : new forms of environmental reporting / Stuart Allan, Jacqui Ewart -- Environmental news journalism, public relations and news sources / Andy Williams -- News coverage of the environment : a longitudinal perspective / Anders Hansen -- Communicating in the anthropocene : the cultural politics of climate change news coverage around the world / Maxwell T. Boykoff, Marisa M. McNatt, Michael K. Goodman -- Containment and reach : The changing ecology of environmental communication / Libby Lester -- Representations of the environment on television, and their effects / James Shanahan, Katherine McComas, Mary Beth Deline -- Cartoons and the environment / Anne Marie Todd -- Cinema, ecology and environment / Pat Brereton -- Nature, environment and commercial advertising / Anders Hansen -- Celebrity culture and environment / Mark Meister -- Cultural representations of the environment beyond mainstream media / Andy Opel -- Mapping media's role in environmental thought and action / Susanna Priest -- Agenda-setting with environmental issues / Craig Trumbo, Se-Jin "Sage" Kim -- Framing, the media, and environmental communication / Matthew C. Nisbet, Todd P. Newman -- Analysing public perceptions, understanding and images of environmental change / Lorraine Whitmarsh -- Publics, communication campaigns and persuasive communication / Todd Norton, Natalie Grecu -- Engaging diverse audiences with climate change : message strategies for global warming's six Americas / Connie Roser-Renouf, Neil Stenhouse, Justin Rolfe-Redding, Edward Maibach, Anthony Leiserowitz -- Mediating environmental change we can believe in : conflict and complexity / Pieter Maeseele -- Whither the heart (-to-heart)? : prospects for a humanistic turn in environmental communication as the world changes darkly / Susanne Moser.</subfield>
  </datafield>
  <datafield tag="520" ind1=" " ind2=" ">
    <subfield code="a">"Este manual proporciona un punto de la declaraci&#xF3;n y la referencia completa de la teor&#xED;a, la investigaci&#xF3;n y la pr&#xE1;ctica en materia de medio ambiente y de comunicaci&#xF3;n, y lo hace desde una perspectiva que es a la vez internacional y multidisciplinar en su alcance. Ofreciendo revisiones cr&#xED;ticas completos de la historia y el estado del arte de la investigaci&#xF3;n de las dimensiones clave de la comunicaci&#xF3;n ambiental, los cap&#xED;tulos de este manual en conjunto demuestran las fortalezas de los enfoques multidisciplinarios y transdisciplinarios para la comprensi&#xF3;n de la centralidad de la comunicaci&#xF3;n de c&#xF3;mo se construye el medio ambiente, y de hecho impugnados, social, pol&#xED;tica y culturalmente. Organizado en cinco secciones tem&#xE1;ticas, El Manual de Routledge de Medio Ambiente y Comunicaci&#xF3;n incluye las contribuciones de los l&#xED;deres reconocidos a nivel internacional en el campo. La primera secci&#xF3;n examina la historia y el desarrollo de la disciplina desde una variedad de perspectivas te&#xF3;ricas. La segunda secci&#xF3;n considera la fuentes, comunicadores y profesionales de los medios que intervienen en la producci&#xF3;n de la comunicaci&#xF3;n ambiental. La tercera secci&#xF3;n examina la investigaci&#xF3;n sobre noticias, medios de entretenimiento y representaciones culturales del entorno. La cuarta secci&#xF3;n analiza las implicaciones sociales y pol&#xED;ticas de la comunicaci&#xF3;n ambiental, con la secci&#xF3;n final de discutir posibles trayectorias futuras para el campo. El primer manual de referencia para ofrecer un estado del arte visi&#xF3;n global del campo emergente de la investigaci&#xF3;n de la comunicaci&#xF3;n ambiental, este texto de referencia es una visita obligada para los estudiosos de la comunicaci&#xF3;n ambiental a trav&#xE9;s de una variedad de disciplinas, incluyendo estudios ambientales, medios de comunicaci&#xF3;n y los estudios de comunicaci&#xF3;n, estudios culturales y disciplinas relacionadas "-</subfield>
  </datafield>
  <datafield tag="650" ind1=" " ind2="0">
    <subfield code="a">Comunicaci&#xF3;n en las ciencias ambientales.</subfield>
  </datafield>
  <datafield tag="650" ind1=" " ind2="0">
    <subfield code="a">Medios de comunicaci&#xF3;n y el medio ambiente.</subfield>
  </datafield>
  <datafield tag="650" ind1=" " ind2="4">
    <subfield code="a">Ciencias pol&#xED;ticas</subfield>
    <subfield code="x">Pol&#xED;ticas p&#xFA;blicas</subfield>
  </datafield>
  <datafield tag="650" ind1=" " ind2="4">
    <subfield code="a">Ciencias pol&#xED;ticas</subfield>
    <subfield code="x">Pol&#xED;tica ambiental</subfield>
  </datafield>
  <datafield tag="650" ind1=" " ind2="4">
    <subfield code="a">Referencia</subfield>
    <subfield code="x">Gu&#xED;as y Manuales</subfield>
  </datafield>
  <datafield tag="650" ind1=" " ind2="4">
    <subfield code="a">Ciencias</subfield>
    <subfield code="x">Ciencias de la tierra</subfield>
    <subfield code="x">Geograf&#xED;a</subfield>
  </datafield>
  <datafield tag="700" ind1="1" ind2=" ">
    <subfield code="a">Hansen, Anders,</subfield>
    <subfield code="d">1957-</subfield>
    <subfield code="e"> editor de compilaci&#xF3;n.</subfield>
  </datafield>
  <datafield tag="700" ind1="1" ind2=" ">
    <subfield code="a">Cox, J. Robert,</subfield>
    <subfield code="e"> editor de compilaci&#xF3;n.</subfield>
  </datafield>
  <datafield tag="942" ind1=" " ind2=" ">
    <subfield code="2">ddc</subfield>
    <subfield code="c">LIBRO</subfield>
    <subfield code="0">1</subfield>
  </datafield>
  <datafield tag="999" ind1=" " ind2=" ">
    <subfield code="c">17847</subfield>
    <subfield code="d">17847</subfield>
  </datafield>
  <datafield tag="952" ind1=" " ind2=" ">
    <subfield code="0">0</subfield>
    <subfield code="1">0</subfield>
    <subfield code="2">ddc</subfield>
    <subfield code="4">0</subfield>
    <subfield code="7">0</subfield>
    <subfield code="8">GENERAL</subfield>
    <subfield code="I">INV2017</subfield>
    <subfield code="a">Bogota</subfield>
    <subfield code="b">Bogota</subfield>
    <subfield code="d">2015-11-03</subfield>
    <subfield code="e">Instituto</subfield>
    <subfield code="g">39000.00</subfield>
    <subfield code="l">2</subfield>
    <subfield code="m">2</subfield>
    <subfield code="o">LB-304.2 H24r</subfield>
    <subfield code="p">039292</subfield>
    <subfield code="r">2016-07-08 00:00:00</subfield>
    <subfield code="s">2016-04-15</subfield>
    <subfield code="t">Ej. 1</subfield>
    <subfield code="w">2015-11-03</subfield>
    <subfield code="x">Donaci&#xF3;n</subfield>
    <subfield code="y">LIBRO</subfield>
  </datafield>
</record>
